000 01331nam a2200265Ia 4500
999 _c56175
_d56175
001 23276
003 GE_BSU
005 20251114144319.0
008 181216s1979||||ge |||||||||||||| ||geo||
040 _cGE_BSU
041 _ageo
080 _a821.112.2-32 მ-26
100 _aმანი, თომას
_926232
245 _aტანსაცმლის კარადა :
_bნოველა /
_cთომას მანი ; თარგმანი გერმ., შესავ. წერილი და კომენტარები კ. ჯორჯანელისა ; რედ. გ. მოისწრაფიშვილი ; მხატვ. თ. დიასამიძე.
264 _aბათუმი :
_bსაბჭ. აჭარა,
_c1979.
300 _a192 გვ. ;
_c20 სმ.
500 _aპარალელური სათაური გერმანულ ენაზე
520 _aპარალ. სათ. გერმ. ენ.
541 _h1ლ. 80თ.
653 _aნოველა
653 _aტანსაცმლის კარადა
700 _aმოისწრაფიშვილი, გ.
_eრედაქტორი
_94489
700 _aდიასამიძე, თ.
_eმხატვარი
_919453
942 _cBK
_2udc